000 00394nam a2200133Ia 4500
008 151001s9999||||xx |||||||||||||| ||und||
100 _aएन ए आझाद
245 _aबौध्दीक एवं तर्कशक्ति परीक्षण
250 _a1
260 _bरमेश पब्लिशिंग
260 _c2003
300 _a297
365 _b21
999 _c988001
_d987998